Statistics for Kas tunned eesti kirjanikke?

Click here to take the quiz!

General Stats

  • This quiz has been taken 103 times
  • The average score is 20 of 44

Answer Stats

HintAnswer% Correct
"Kevade"Oskar Luts
100%
"Kõrboja peremees"Anton Hansen Tammsaare
85%
"Tõde ja õigus"Anton Hansen Tammsaare
85%
"Põrgupõhja uus vanapagan"Anton Hansen Tammsaare
85%
"Elu ja armastus"Anton Hansen Tammsaare
85%
"Mees, kes teadis ussisõnu"Andrus Kivirähk
74%
"Säärane mulk ehk sada vakka tangusoola"Lydia Koidula
65%
"Keisri hull"Jaan Kross
64%
"Kolme katku vahel"Jaan Kross
64%
"Wikmani poisid"Jaan Kross
64%
"Hõbevalge"Lennart Meri
59%
"Vürst Gabriel ehk Pirita kloostri viimased päevad"Eduard Bornhöhe
54%
"Tasuja"Eduard Bornhöhe
54%
"Mäeküla piimamees"Eduard Vilde
54%
"Tabamata ime"Eduard Vilde
54%
"Prohvet Maltsvet"Eduard Vilde
54%
"Toomas Nipernaadi"August Gailit
51%
"Kauka jumal"August Kitzberg
50%
"Libahunt"August Kitzberg
50%
"Väike Illimar"Friedebert Tuglas
45%
"Sügisball"Mati Unt
45%
"Hüvasti, kollane kass"Mati Unt
45%
"Kadri"Silvia Rannamaa
45%
"Kilplased"Friedrich Reinhold Kreutzwald
44%
"Nimed marmortahvlil"Albert Kivikas
40%
"Hingede öö"Karl Ristikivi
40%
"Inger"Mats Traat
40%
"Tants aurukatla ümber"Mats Traat
40%
"Seitmes rahukevad"Viivi Luik
37%
"Piiririik"Emil Tode
36%
"Meelis"Enn Kippel
35%
"Kirjad Sõgedate külast"Juhan Smuul
32%
"Pea suu!"Helga Nõu
29%
"Ümera jõel"Mait Metsanurk
29%
"Tuuline rand"Aadu Hint
28%
"Vana mees tahab koju"Raimond Kaugver
28%
"Ristideta hauad"Arved Viirlaid
27%
"Kaarnakivi"Juhan Jaik
22%
"Karu süda"Nikolai Baturin
22%
"Külaliste leib"Jüri Parijõgi
21%
"Jalgrataste talveuni"Jaan Kaplinski
18%
"Emajõgi"Bernard Kangro
14%
"Kurjasadu"Herta Laipaik
14%
"Janu"Valev Uibopuu
14%

Score Distribution

Percentile by Number Answered

Percent of People with Each Score

Your Score History

You have not taken this quiz